[Event "Belgrade TS12 GM"]
[Site "Belgrade"]
[Date "2001.12.22"]
[Round "8"]
[White "Zivanic, Marko"]
[Black "Payen, Arnaud"]
[Result "1-0"]
[WhiteElo "2411"]
[BlackElo "2401"]
[PlyCount "47"]
[EventDate "2001.12.15"]
[Source "ChessBase"]
[SourceDate "2002.01.21"]

1. d4 d5 2. c4 e6 3. Nc3 c5 4. cxd5 exd5 5. Nf3 Nc6 6. g3 c4 7. Bg2 Bb4 8. O-O Nge7 9. e4 O-O 10. exd5 Nxd5 11. Qc2 Nf6 12. Rd1 Bg4 13. d5 Bxf3 14. Bxf3 Ne5 15. Bg2 Nd3 16. Ne4 Rc8 17. Bg5 Qb6 18. Be3 Qa6 19. Nxf6+ Qxf6 20. Be4 Bc5 21. Bxc5 Nxc5 22. Bxh7+ Kh8 23. Bf5 Nd3 24. Bxc8 1-0

[Event "Dieren op"]
[Site "Dieren"]
[Date "1990.??.??"]
[Round "5"]
[White "Van Laatum, Gozewijn"]
[Black "Ziatdinov, Raset"]
[Result "1/2-1/2"]
[WhiteElo "2290"]
[BlackElo "2515"]
[PlyCount "38"]
[EventDate "1990.07.??"]
[Source "ChessBase"]

1. d4 d5 2. c4 e6 3. Nc3 c5 4. cxd5 exd5 5. Nf3 Nc6 6. g3 c4 7. Bg2 Bb4 8. O-O Nge7 9. e4 O-O 10. Nxd5 Nxd5 11. exd5 Qxd5 12. Ne5 Qxd4 13. Nxc6 Qxd1 14. Rxd1 bxc6 15. Bxc6 Rb8 16. Be3 Be7 17. Bd5 Ba6 18. Rac1 Rfd8 19. b3 Ba3 1/2-1/2

[Event "France"]
[Site "France"]
[Date "1988.??.??"]
[Round "1"]
[White "Lautier, Joel"]
[Black "Miralles, Gilles"]
[Result "0-1"]
[WhiteElo "2365"]
[BlackElo "2430"]
[PlyCount "42"]
[EventDate "1988.??.??"]
[Source "www.chesslib.no"]
[SourceDate "2004.05.04"]

1. d4 d5 2. c4 e6 3. Nc3 c5 4. cxd5 exd5 5. Nf3 Nc6 6. g3 c4 7. Bg2 Bb4 8. O-O Nge7 9. Bd2 O-O 10. b3 Bg4 11. Na4 a5 12. Bg5 f6 13. Bf4 b5 14. Nc5 Qc8 15. bxc4 dxc4 16. a4 Rd8 17. axb5 Nxd4 18. Nxd4 Bxc5 19. Bxa8 Qxa8 20. Qc2 Bxd4 21. Rad1 Bh3 0-1

[Event "JUG Ch"]
[Site "Kladovo"]
[Date "1992.??.??"]
[Round "11"]
[White "Ilincic, Zlatko"]
[Black "Stamenkovic, Zoran"]
[Result "1-0"]
[WhiteElo "2445"]
[BlackElo "2345"]
[PlyCount "87"]
[EventDate "1992.12.??"]
[Source "www.chesslib.no"]
[SourceDate "2004.05.04"]

1. d4 d5 2. c4 e6 3. Nc3 c5 4. cxd5 exd5 5. Nf3 Nc6 6. g3 c4 7. Bg2 Bb4 8. O-O Nge7 9. a3 Ba5 10. e4 O-O 11. Nd2 Nxd4 12. exd5 Bxc3 13. bxc3 Nb5 14. Qf3 Nd6 15. a4 Bf5 16. Ba3 Bd3 17. Rfe1 Nef5 18. Qf4 g5 19. Qg4 Qf6 20. Nf3 h6 21. h4 Qxc3 22. hxg5 Qg7 23. Ne5 hxg5 24. Bb2 f6 25. Nxd3 cxd3 26. Rad1 Rac8 27. Rxd3 Rc4 28. Qd1 Qd7 29. a5 Qb5 30. Rb3 Qxa5 31. Re6 Qc5 32. Ba3 Rd4 33. Qe2 Qc7 34. g4 Rf7 35. gxf5 Nxf5 36. Bb2 Rh4 37. Rh3 Qf4 38. Re4 Qd6 39. Re8+ Kg7 40. Rxh4 Nxh4 41. Qh5 Ng6 42. Be4 Nf8 43. Qxg5+ Kh8 44. Bg6 1-0

[Event "6. Sants Open"]
[Site "?"]
[Date "2004.08.28"]
[Round "1"]
[White "Llobet Reus Pere"]
[Black "Moskalenko Viktor"]
[Result "0-1"]
[WhiteElo "2245"]
[BlackElo "2544"]
[PlyCount "80"]
[EventDate "2004.??.??"]
[Source "www.chesslib.no"]
[SourceDate "2004.05.04"]

1. d4 d5 2. c4 e6 3. Nc3 c5 4. cxd5 exd5 5. Nf3 Nc6 6. g3 c4 7. Bg2 Bb4 8. O-O Nge7 9. a3 Bxc3 10. bxc3 O-O 11. Re1 Bf5 12. Nh4 Be6 13. e4 Qd7 14. f3 b5 15. f4 dxe4 16. Bxe4 Bd5 17. Qf3 Rfe8 18. Bb2 f5 19. Bxd5+ Nxd5 20. Ng2 a5 21. Ne3 Nxe3 22. Rxe3 Rxe3 23. Qxe3 Re8 24. Qd2 Qd5 25. Re1 Rxe1+ 26. Qxe1 Kf7 27. Kf2 Ne7 28. Qe5 Qxe5 29. fxe5 Nd5 30. Ke2 g5 31. h3 g4 32. hxg4 fxg4 33. Kf2 Ke6 34. Ke2 Kf5 35. Ba1 h5 36. Bb2 Ke4 37. Ba1 h4 38. gxh4 g3 39. h5 Nf4+ 40. Kf1 Kf3 0-1

[Event "Buenos Aires ol (Men)"]
[Site "Buenos Aires ARG"]
[Date "1978.??.??"]
[Round "11"]
[White "Kuligowski, Adam"]
[Black "Calvo Minguez, Ricardo"]
[Result "1/2-1/2"]
[WhiteElo "2325"]
[BlackElo "2455"]
[PlyCount "40"]
[EventDate "1978.10.25"]
[Source "www.chesslib.no"]
[SourceDate "2004.05.04"]

1. d4 d5 2. c4 e6 3. Nc3 c5 4. cxd5 exd5 5. Nf3 Nc6 6. g3 c4 7. e4 dxe4 8. Nxe4 Qe7 9. Qe2 Bg4 10. Ned2 O-O-O 11. Qxe7 Bxe7 12. h3 Bh5 13. Bxc4 Nxd4 14. Nxd4 Rxd4 15. Be2 Bxe2 16. Kxe2 Nf6 17. Nf3 Rb4 18. b3 Re8 19. Kf1 Nd5 20. Bb2 Bf6 1/2-1/2

[Event "AUT-ch"]
[Site "Moesern"]
[Date "1997.??.09"]
[Round "10"]
[White "Kummer, Helmut"]
[Black "Lehner, Oliver"]
[Result "0-1"]
[WhiteElo "2380"]
[BlackElo "2400"]
[PlyCount "93"]
[EventDate "1997.08.??"]
[Source "ChessBase"]
[SourceDate "1997.09.26"]

1. d4 d5 2. c4 e6 3. Nc3 c5 4. cxd5 exd5 5. Nf3 Nc6 6. g3 c4 7. Bg2 Bb4 8. O-O Nge7 9. Bf4 O-O 10. Ne5 Na5 11. Qa4 Bxc3 12. bxc3 Be6 13. Bc1 f6 14. Nf3 Re8 15. Ba3 a6 16. Nd2 Nac6 17. Qc2 Qd7 18. Rfe1 Bh3 19. Bh1 Bf5 20. e4 Bg6 21. Qb2 b5 22. Bc5 Rab8 23. Qa3 a5 24. Bxe7 Nxe7 25. Qxa5 Nc6 26. Qa3 b4 27. Qc1 dxe4 28. Nxe4 bxc3 29. d5 Nb4 30. Qxc3 Nd3 31. Re3 f5 32. Nd2 Rxe3 33. fxe3 f4 34. Qxc4 fxe3 35. d6+ Kh8 36. Qc7 Qxc7 37. dxc7 Rc8 38. Nf3 Rxc7 39. a4 e2 40. Ne1 Rf7 41. Bg2 Nxe1 42. Rxe1 Bd3 43. Ra1 g5 44. g4 Kg7 45. a5 Ba6 46. Rc1 Rf4 47. Ra1 0-1

[Event "Gausdal Int"]
[Site "Gausdal NOR"]
[Date "1986.??.??"]
[Round "?"]
[White "Ogaard, Leif"]
[Black "Lundin, Erik R"]
[Result "1-0"]
[WhiteElo "2440"]
[BlackElo "2330"]
[PlyCount "85"]
[EventDate "1986.07.??"]
[Source "www.chesslib.no"]
[SourceDate "2004.05.04"]

1. d4 d5 2. c4 e6 3. Nc3 c5 4. cxd5 exd5 5. Nf3 Nc6 6. g3 c4 7. Bg2 Bb4 8. O-O Nge7 9. e4 dxe4 10. Nxe4 O-O 11. Qc2 Nxd4 12. Nxd4 Qxd4 13. Rd1 Qe5 14. Bf4 Qh5 15. Qxc4 Nc6 16. Qd5 Qg6 17. a3 Be7 18. Bd6 Re8 19. Bxe7 Nxe7 20. Qe5 Kf8 21. Rd6 Qf5 22. Qxf5 Nxf5 23. Rd2 Be6 24. Nc5 Rad8 25. Rxd8 Rxd8 26. Bxb7 Rd2 27. b4 Nd4 28. Nxe6+ fxe6 29. Be4 g6 30. Kf1 Kf7 31. Rc1 Kf6 32. Rc5 Re2 33. Bd3 Rd2 34. Be4 Re2 35. Ba8 Ra2 36. Ra5 Nc2 37. Be4 Ra1+ 38. Kg2 Ne1+ 39. Kh3 h5 40. f3 g5 41. Rxa7 Ra2 42. Rh7 Rxa3 43. Rh6+ 1-0

[Event "Dubai op"]
[Site "Dubai"]
[Date "2000.05.07"]
[Round "9"]
[White "Riazantsev, Alexander"]
[Black "Catalan, Toufeeq"]
[Result "0-1"]
[WhiteElo "2442"]
[BlackElo "2325"]
[PlyCount "60"]
[EventDate "2000.04.28"]
[Source "www.chesslib.no"]
[SourceDate "2004.05.04"]

1. d4 d5 2. c4 e6 3. Nc3 c5 4. cxd5 exd5 5. Nf3 Nc6 6. g3 c4 7. Bg2 Bb4 8. O-O Nge7 9. Bd2 O-O 10. Rc1 a6 11. Be1 b5 12. Ne5 Bb7 13. e3 f6 14. Nxc6 Bxc6 15. Qh5 g6 16. Qg4 f5 17. Qe2 Bd6 18. Qc2 Qd7 19. f3 b4 20. Ne2 a5 21. Bf2 Qb7 22. h3 a4 23. g4 b3 24. axb3 cxb3 25. Qd2 a3 26. bxa3 Rxa3 27. Rb1 Bb4 28. Qb2 Bb5 29. Be1 Bd3 30. Rc1 Ra2 0-1

[Event "Paris-ch"]
[Site "Paris"]
[Date "1999.07.18"]
[Round "2"]
[White "Anastasian, Ashot"]
[Black "Caruso, Augusto"]
[Result "1-0"]
[WhiteElo "2545"]
[BlackElo "2219"]
[PlyCount "35"]
[EventDate "1999.07.17"]
[Source "www.chesslib.no"]
[SourceDate "2004.05.04"]

1. d4 d5 2. c4 e6 3. Nc3 c5 4. cxd5 exd5 5. Nf3 Nc6 6. g3 c4 7. Bg2 Bb4 8. O-O Nf6 9. Bg5 Be6 10. Ne5 O-O 11. Bxf6 gxf6 12. Nxc6 bxc6 13. e4 dxe4 14. Bxe4 Qa5 15. Qf3 Bxc3 16. bxc3 Bd5 17. Qg4+ Kh8 18. Qf5 1-0

[Event "4NCL"]
[Site "?"]
[Date "2004.10.19"]
[Round "2"]
[White "Cooksey Paul S"]
[Black "Kosten Anthony C"]
[Result "1/2-1/2"]
[WhiteElo "2248"]
[BlackElo "2516"]
[PlyCount "92"]
[EventDate "2004.??.??"]
[Source "www.chesslib.no"]
[SourceDate "2004.05.04"]

1. d4 d5 2. c4 e6 3. Nc3 c5 4. cxd5 exd5 5. Nf3 Nc6 6. g3 c4 7. Bg2 Bb4 8. O-O Nge7 9. Ne5 O-O 10. Nxc6 bxc6 11. e4 Be6 12. a3 Bxc3 13. bxc3 dxe4 14. Bxe4 Bd5 15. Qc2 f5 16. Bxd5+ Qxd5 17. Qe2 Ng6 18. Re1 Rab8 19. Qe6+ Rf7 20. Qxd5 cxd5 21. h4 Rb3 22. h5 Ne7 23. Bg5 Nc8 24. Re5 Nd6 25. Rxd5 Ne4 26. Bf4 Nxc3 27. Rd8+ Rf8 28. Rd7 Ne2+ 29. Kg2 Nxf4+ 30. gxf4 Re8 31. Rc7 Re4 32. d5 Rxf4 33. Re1 Rg4+ 34. Kf1 Re4 35. Rxe4 fxe4 36. d6 Rd3 37. Rxc4 Rxd6 38. Rc8+ Kf7 39. Rc7+ Kf6 40. h6 gxh6 41. Rxh7 a6 42. Rxh6+ Ke5 43. Rh5+ Kd4 44. Ke2 Rb6 45. Ra5 Rb2+ 46. Ke1 Rb1+ 1/2-1/2

[Event "Doha"]
[Site "Doha QAT"]
[Date "1993.??.??"]
[Round "8"]
[White "Kuzmin, Alexey"]
[Black "Catalan, Toufeeq"]
[Result "1/2-1/2"]
[WhiteElo "2555"]
[BlackElo "2200"]
[PlyCount "41"]
[EventDate "1993.08.??"]
[Source "www.chesslib.no"]
[SourceDate "2004.05.04"]

1. d4 d5 2. c4 e6 3. Nc3 c5 4. cxd5 exd5 5. Nf3 Nc6 6. g3 c4 7. Bg2 Bb4 8. O-O Nge7 9. e4 O-O 10. exd5 Nxd5 11. Bg5 Qa5 12. Ne4 f6 13. Bd2 Bg4 14. a3 Bxd2 15. Qxd2 Qxd2 16. Nexd2 c3 17. bxc3 Nxc3 18. Nb3 Rad8 19. Rfe1 Rf7 20. Re3 Nb5 21. a4 1/2-1/2

[Event "ESP Ch"]
[Site "Madrid ESP"]
[Date "1992.??.??"]
[Round "8"]
[White "Cruz-Lopez Claret, Carlos"]
[Black "Rodriguez, Orestes"]
[Result "1/2-1/2"]
[WhiteElo "2280"]
[BlackElo "2465"]
[PlyCount "33"]
[EventDate "1992.11.??"]
[Source "www.chesslib.no"]
[SourceDate "2004.05.04"]

1. d4 d5 2. c4 e6 3. Nc3 c5 4. cxd5 exd5 5. Nf3 Nc6 6. g3 c4 7. Bg2 Bb4 8. O-O Nge7 9. e4 dxe4 10. Nxe4 O-O 11. Qc2 Bf5 12. Nh4 Qxd4 13. Nxf5 Nxf5 14. Rd1 Qe5 15. Bf4 Qe7 16. Qxc4 Rad8 17. a3 1/2-1/2

[Event "Open, Pula CRO"]
[Site "?"]
[Date "2001.??.??"]
[Round "4"]
[White "Babula, V."]
[Black "Bylino, O."]
[Result "1-0"]
[WhiteElo "2560"]
[BlackElo "2185"]
[PlyCount "57"]
[EventDate "2001.??.??"]
[Source "www.chesslib.no"]
[SourceDate "2004.05.04"]

1. d4 d5 2. c4 e6 3. Nc3 c5 4. cxd5 exd5 5. Nf3 Nc6 6. g3 c4 7. Bg2 Bb4 8. O-O Nge7 9. e4 dxe4 10. Nxe4 Bg4 11. a3 Ba5 12. Nc5 Qb6 13. Qa4 Bxf3 14. Bxf3 Rd8 15. Rd1 a6 16. Qxc4 Qa7 17. b4 Bc7 18. Bg5 Rd6 19. Bxe7 Kxe7 20. Re1+ Kf8 21. d5 Ne7 22. Ne6+ fxe6 23. Qxc7 Qb6 24. Qxb6 Rxb6 25. Rxe6 Rb5 26. Rae1 Ng6 27. Be2 Rxd5 28. Bc4 Rd8 29. R6e3 1-0

[Event "Enghien les Bains"]
[Site "Enghien les Bains FRA"]
[Date "1995.??.??"]
[Round "6"]
[White "Benitah, Yohann"]
[Black "Srokowski, Jaroslav"]
[Result "1-0"]
[WhiteElo "2320"]
[BlackElo "2425"]
[PlyCount "59"]
[EventDate "1995.??.??"]
[Source "www.chesslib.no"]
[SourceDate "2004.05.04"]

1. d4 d5 2. c4 e6 3. Nc3 c5 4. cxd5 exd5 5. Nf3 Nc6 6. g3 c4 7. Bg2 Bb4 8. O-O Nge7 9. e4 dxe4 10. Nxe4 Bg4 11. Be3 O-O 12. Qc2 Bxf3 13. Ng5 Ng6 14. Nxf3 Na5 15. h4 Re8 16. h5 Nf8 17. h6 Ng6 18. hxg7 Kxg7 19. Rad1 Kg8 20. d5 Bd6 21. Qc3 b6 22. Bd4 Qd7 23. Rfe1 Rxe1+ 24. Rxe1 Re8 25. Rxe8+ Qxe8 26. Ng5 Be5 27. f4 Bxd4+ 28. Qxd4 Qd8 29. d6 Nf8 30. Bd5 1-0

[Event "Cannes op-B 18th"]
[Site "Cannes"]
[Date "1997.??.??"]
[Round "2"]
[White "Bukal, Vladimir Sr"]
[Black "Akopyan, Harutyun"]
[Result "0-1"]
[WhiteElo "2395"]
[BlackElo "2350"]
[PlyCount "104"]
[EventDate "1997.02.22"]
[Source "www.chesslib.no"]
[SourceDate "2004.05.04"]

1. d4 d5 2. c4 e6 3. Nc3 c5 4. cxd5 exd5 5. Nf3 Nc6 6. g3 c4 7. Bg2 Bb4 8. O-O Nge7 9. e4 Bxc3 10. bxc3 O-O 11. exd5 Nxd5 12. Qc2 Re8 13. Rb1 a6 14. Bd2 h6 15. Nh4 b5 16. Rbe1 Be6 17. f4 f6 18. Qg6 Nce7 19. Rxe6 Nxg6 20. Rxe8+ Qxe8 21. Bxd5+ Kh7 22. Re1 Nxh4 23. Rxe8 Rxe8 24. Kf2 Nf5 25. Bc6 Rd8 26. g4 Ne7 27. Bb7 a5 28. Ke3 Kg8 29. a3 Kf7 30. f5 h5 31. h3 hxg4 32. hxg4 Rh8 33. Bg2 Rh2 34. Bf3 Rh3 35. Kf2 Ke8 36. Kg2 Rh8 37. Bf4 Kd7 38. Kg3 Rd8 39. Kf2 Kc8 40. Bd2 Nd5 41. Ke2 Kc7 42. Kd1 Kd6 43. Ke2 Rh8 44. Kf2 Rh2+ 45. Bg2 b4 46. axb4 axb4 47. cxb4 c3 48. Bc1 c2 49. b5 Nb4 50. Kg1 Rh8 51. Bf4+ Kd7 52. Be4 Re8 0-1

[Event "Latin Cup"]
[Site "Bogota COL"]
[Date "1991.??.??"]
[Round "6"]
[White "Ramirez, Carlos COL"]
[Black "Hernandez, Roman O"]
[Result "0-1"]
[WhiteElo "2295"]
[BlackElo "2445"]
[PlyCount "70"]
[EventDate "1991.??.??"]
[Source "www.chesslib.no"]
[SourceDate "2004.05.04"]

1. d4 d5 2. c4 e6 3. Nc3 c5 4. cxd5 exd5 5. Nf3 Nc6 6. g3 c4 7. Bg2 Bb4 8. O-O Nge7 9. Ne5 O-O 10. Nxc6 bxc6 11. Na4 Nf5 12. b3 Ba6 13. Bd2 Be7 14. Bc3 Bb5 15. bxc4 Bxc4 16. Nb2 Bb5 17. a4 Ba6 18. Nd3 Bf6 19. Nc5 Bc4 20. Re1 Nd6 21. Qc2 g6 22. Bh3 Bg7 23. e3 Re8 24. Rab1 h5 25. Ba1 h4 26. Nb7 Qc7 27. Nxd6 Qxd6 28. e4 Qa3 29. Bd7 Bd3 30. Qxc6 Red8 31. Rb7 Bxe4 32. Bc3 Rab8 33. Qc7 Rxb7 34. Qxd8+ Bf8 35. Bc8 Qxc3 0-1

[Event "otb"]
[Site "otb"]
[Date "2007.05.10"]
[Round "9"]
[White "Gladyszev Oleg"]
[Black "Pogosian Georgy"]
[Result "1/2-1/2"]
[WhiteElo "2485"]
[BlackElo "2251"]
[PlyCount "80"]
[Source "www.chesslib.no"]
[SourceDate "2004.05.04"]

1. d4 d5 2. c4 e6 3. Nc3 c5 4. cxd5 exd5 5. Nf3 Nc6 6. g3 c4 7. Bg2 Bb4 8. O-O Nge7 9. a3 Ba5 10. b4 cxb3 11. Qxb3 O-O 12. a4 Re8 13. Ba3 Bxc3 14. Qxc3 Bf5 15. Nh4 Be4 16. f3 Bg6 17. Rfd1 Nf5 18. Nxg6 hxg6 19. e4 dxe4 20. d5 Ne5 21. fxe4 Nd6 22. Qd4 f6 23. Kh1 Qd7 24. Rac1 g5 25. Qb4 Nef7 26. Qd4 a6 27. Re1 Rac8 28. Rxc8 Rxc8 29. Bxd6 Nxd6 30. a5 Nf7 31. Kg1 g4 32. Qb6 Ne5 33. Rb1 Rc2 34. Qxb7 Qa4 35. Kh1 Qa2 36. Rg1 Nf3 37. Qe7 Kh7 38. Qe8 Rxg2 39. Qh5+ Kg8 40. Qe8+ Kh7 1/2-1/2

[Event "Keres mem op"]
[Site "Tallinn"]
[Date "2001.07.29"]
[Round "7"]
[White "Smirnov, Artem"]
[Black "Kiik, Kalle"]
[Result "1/2-1/2"]
[WhiteElo "2281"]
[BlackElo "2449"]
[PlyCount "77"]
[EventDate "2001.07.25"]
[Source "ChessBase"]
[SourceDate "2001.09.11"]

1. d4 d5 2. c4 e6 3. Nc3 c5 4. cxd5 exd5 5. Nf3 Nc6 6. g3 c4 7. Bg2 Bb4 8. O-O Nge7 9. Ne5 O-O 10. Nxc6 bxc6 11. Na4 Bf5 12. Bd2 Qa5 13. Bxb4 Qxb4 14. b3 c3 15. a3 Qa5 16. Qe1 Rfb8 17. Nc5 Ng6 18. e3 Rb5 19. b4 Qb6 20. Qxc3 a5 21. bxa5 Raxa5 22. Rfc1 h5 23. Bf1 Rb2 24. Bd3 Bxd3 25. Qxd3 h4 26. a4 Ra8 27. Qf5 Qa5 28. Rcb1 Ne7 29. Qd3 Rab8 30. Rxb2 Rxb2 31. Rb1 Rxb1+ 32. Qxb1 Qd2 33. Qd3 Qe1+ 34. Qf1 Qd2 35. gxh4 Nf5 36. Qd3 Qe1+ 37. Qf1 Qd2 38. Qd3 Qe1+ 39. Qf1 1/2-1/2

[Event "Lugano op"]
[Site "Lugano"]
[Date "1999.03.14"]
[Round "5"]
[White "Barbero, Gerardo F"]
[Black "Caruso, Augusto"]
[Result "1-0"]
[WhiteElo "2462"]
[BlackElo "2267"]
[PlyCount "67"]
[EventDate "1999.03.??"]
[Source "www.chesslib.no"]
[SourceDate "2004.05.04"]

1. d4 d5 2. c4 e6 3. Nc3 c5 4. cxd5 exd5 5. Nf3 Nc6 6. g3 c4 7. Bg2 Bb4 8. O-O Nf6 9. Bg5 Be6 10. Ne5 O-O 11. Rc1 Qa5 12. a3 Be7 13. e3 Rfe8 14. f4 Rad8 15. Qf3 Nxe5 16. fxe5 Ng4 17. Bxe7 Rxe7 18. Rc2 b5 19. Kh1 Qb6 20. h3 Nh6 21. Qh5 a6 22. Rcf2 Qc7 23. g4 Qd7 24. Ne2 a5 25. Ng3 b4 26. axb4 axb4 27. Nf5 Bxf5 28. gxf5 f6 29. exf6 Rxe3 30. fxg7 Qxg7 31. f6 Qg6 32. f7+ Kf8 33. Qh4 Rd7 34. Rf6 1-0

[Event "otb"]
[Site "otb"]
[Date "2007.04.22"]
[Round "1"]
[White "Golichenko Ilija"]
[Black "Jakimov Vladimir"]
[Result "1/2-1/2"]
[WhiteElo "2316"]
[BlackElo "2413"]
[PlyCount "58"]
[Source "www.chesslib.no"]
[SourceDate "2004.05.04"]

1. d4 d5 2. c4 e6 3. Nc3 c5 4. cxd5 exd5 5. Nf3 Nc6 6. g3 c4 7. Bg2 Bb4 8. O-O Nge7 9. e4 dxe4 10. Nxe4 Bg4 11. a3 Ba5 12. Nc5 Bb6 13. Nxb7 Qc7 14. Nc5 Rd8 15. Bf4 Qc8 16. Qa4 O-O 17. Ne5 Nxd4 18. Nb7 Rd5 19. Nxg4 Ne2+ 20. Kh1 Nxf4 21. gxf4 Qxg4 22. Bxd5 Nxd5 23. Qd1 Qd7 24. Qf3 Qxb7 25. Rad1 Rd8 26. Rd2 Ba5 27. Rd4 Bb6 28. Rd2 Ba5 29. Rd4 Bb6 1/2-1/2

[Event "San Sebastian (3eme tournoi)"]
[Site "?"]
[Date "2004.04.07"]
[Round "6.5"]
[White "Zlotnik Boris A"]
[Black "Llanes Hurtado Miguel"]
[Result "1-0"]
[WhiteElo "2424"]
[BlackElo "2299"]
[PlyCount "71"]
[EventDate "2004.??.??"]
[Source "www.chesslib.no"]
[SourceDate "2004.05.04"]

1. d4 d5 2. c4 e6 3. Nc3 c5 4. cxd5 exd5 5. Nf3 Nc6 6. g3 c4 7. Bg2 Bb4 8. O-O Nge7 9. e4 O-O 10. exd5 Nxd5 11. Nxd5 Qxd5 12. Be3 Bf5 13. Ne5 Qb5 14. Qf3 Bd3 15. Nxd3 cxd3 16. Rfd1 Rad8 17. Qe4 d2 18. a4 Qa5 19. Qd3 Nxd4 20. Bxd4 Rfe8 21. Bf3 Bc5 22. Qc3 Bb4 23. Qc4 Qf5 24. Kg2 a5 25. Be3 Rc8 26. Qb5 Qc2 27. Qxb7 Rcd8 28. Qb5 h6 29. Rab1 Re6 30. b3 Rd3 31. Qb8+ Kh7 32. Qb7 Rdxe3 33. fxe3 Rxe3 34. Qxf7 Qd3 35. Rf1 Bc5 36. Rbd1 1-0

[Event "URS Ch women"]
[Site "Podolsk RUS"]
[Date "1990.??.??"]
[Round "14"]
[White "Chelushkina, Irina"]
[Black "Semenova, Lidia K"]
[Result "1/2-1/2"]
[WhiteElo "2370"]
[BlackElo "2350"]
[PlyCount "123"]
[EventDate "1990.??.??"]
[Source "www.chesslib.no"]
[SourceDate "2004.05.04"]

1. d4 d5 2. c4 e6 3. Nc3 c5 4. cxd5 exd5 5. Nf3 Nc6 6. g3 c4 7. Bg2 Bb4 8. O-O Nge7 9. e4 dxe4 10. Nxe4 O-O 11. Qe2 Bg4 12. Qxc4 Bxf3 13. Bxf3 Qxd4 14. Qe2 Rad8 15. a3 Ba5 16. Be3 Qe5 17. Rfd1 Nf5 18. Bf4 Qe7 19. Bg2 Nfd4 20. Qh5 g6 21. Qh6 Ne2+ 22. Kh1 Nxf4 23. Qxf4 Bc7 24. Qh6 Rxd1+ 25. Rxd1 Rd8 26. Rxd8+ Bxd8 27. Qd2 Bb6 28. h3 Bd4 29. b4 Bg7 30. Nd6 Qd7 31. Qd5 Bb2 32. Nc4 Qxd5 33. Bxd5 Bd4 34. Kg2 Nd8 35. a4 Kf8 36. Nd6 Bc3 37. b5 Bb4 38. Nc4 b6 39. f4 Ke7 40. Kf3 Bc5 41. g4 h6 42. Ke4 Bf2 43. Ne5 Be1 44. h4 h5 45. gxh5 f5+ 46. Ke3 gxh5 47. Nf3 Bc3 48. Kd3 Bb2 49. Nd4 Kf6 50. Ne2 Ne6 51. Kc4 Nc5 52. Bf3 Kg6 53. Ng3 Bc1 54. Bxh5+ Kf6 55. Ne2 Bd2 56. Be8 Nxa4 57. h5 Nc5 58. h6 Ne6 59. h7 Kg7 60. Ng3 Kxh7 61. Nxf5 Bxf4 62. Ne7 1/2-1/2

[Event "Creon op"]
[Site "Creon"]
[Date "1999.??.??"]
[Round "?"]
[White "Grigore, George"]
[Black "Redon, Bruno"]
[Result "1-0"]
[WhiteElo "2526"]
[BlackElo "2185"]
[PlyCount "61"]
[EventDate "1999.??.??"]
[Source "www.chesslib.no"]
[SourceDate "2004.05.04"]

1. d4 d5 2. c4 e6 3. Nc3 c5 4. cxd5 exd5 5. Nf3 Nc6 6. g3 c4 7. Bg2 Bb4 8. O-O Nge7 9. e4 O-O 10. exd5 Nxd5 11. Nxd5 Qxd5 12. Be3 Ne7 13. Ne5 Qb5 14. Qe2 Be6 15. b3 Rac8 16. Rab1 a5 17. Rfc1 Qa6 18. Nxc4 Nd5 19. Bd2 Nb6 20. Bf1 Bf5 21. Bxb4 axb4 22. Nxb6 Qxb6 23. Rxc8 Rxc8 24. Rd1 g6 25. d5 Rc2 26. Rd2 Rc1 27. d6 Bd7 28. Rd1 Bb5 29. Qd2 Rxd1 30. Qxd1 Bxf1 31. d7 1-0

[Event "Staufer op 10th"]
[Site "Schwaebisch Gmuend"]
[Date "1998.??.??"]
[Round "8"]
[White "Lazarev, Vladimir"]
[Black "Mueller, Christian"]
[Result "1-0"]
[WhiteElo "2490"]
[BlackElo "2220"]
[PlyCount "69"]
[EventDate "1998.01.??"]
[Source "ChessBase"]
[SourceDate "1998.03.09"]

1. d4 d5 2. c4 e6 3. Nc3 c5 4. cxd5 exd5 5. Nf3 Nc6 6. g3 c4 7. Bg2 Bb4 8. O-O Nge7 9. e4 dxe4 10. Nxe4 O-O 11. Qe2 Bg4 12. Qxc4 Bxf3 13. Bxf3 Qxd4 14. Qe2 Rad8 15. a3 Ba5 16. Be3 Qe5 17. Nc5 Bb6 18. Rac1 Nd4 19. Bxd4 Qxe2 20. Bxe2 Rxd4 21. b4 Rd2 22. Bf3 Nc6 23. Nxb7 Nd4 24. Bd1 Ne2+ 25. Bxe2 Rxe2 26. a4 f5 27. Rc4 Rd2 28. Nc5 Rc8 29. Rfc1 a5 30. bxa5 Bxa5 31. Nb3 Rxc4 32. Rxc4 Rd1+ 33. Kg2 Bb6 34. a5 Rb1 35. Nd2 1-0

[Event "Tch (Men) 2005/2006 NED"]
[Site "?"]
[Date "2006.04.23"]
[Round "9"]
[White "Peng Zhaoqin"]
[Black "Van Dongen Cor"]
[Result "1-0"]
[WhiteElo "2407"]
[BlackElo "2299"]
[PlyCount "139"]
[EventDate "2006.??.??"]
[Source "www.chesslib.no"]
[SourceDate "2004.05.04"]

1. d4 d5 2. c4 e6 3. Nc3 c5 4. cxd5 exd5 5. Nf3 Nc6 6. g3 c4 7. Bg2 Bb4 8. O-O Nge7 9. Bf4 O-O 10. Ne5 Be6 11. Rc1 Qa5 12. Qd2 Rfd8 13. Rfd1 b5 14. Nxc6 Nxc6 15. e4 dxe4 16. Bxe4 Rxd4 17. Qc2 Rc8 18. Bxh7+ Kh8 19. Bf5 Rcd8 20. Bxe6 fxe6 21. Re1 Rd3 22. Qe2 Nd4 23. Qh5+ Kg8 24. Re3 Bxc3 25. bxc3 Rxe3 26. Bxe3 Nf5 27. Bg5 Rf8 28. Qe2 Qb6 29. Rd1 Qc6 30. Qe5 Qf3 31. Rf1 Kh7 32. Qxb5 Qxc3 33. Rc1 Qf3 34. Qxc4 Nxg3 35. hxg3 Qxf2+ 36. Kh1 Qxg3 37. Qh4+ Qxh4+ 38. Bxh4 Rf4 39. Be1 Ra4 40. Rc2 Kg6 41. Kg2 Kf5 42. Bf2 g5 43. Bc5 Ra6 44. a3 Rc6 45. Rf2+ Ke4 46. Bxa7 Kd5 47. Rd2+ Kc4 48. Bb8 Kb3 49. Bd6 g4 50. Bb4 e5 51. Re2 Rg6 52. Kg3 Rg8 53. Re4 Rg6 54. Re3+ Ka4 55. Rxe5 Rg8 56. Ra5+ Kb3 57. Ra7 Rg6 58. Ra8 Rg7 59. Bd6 Rg6 60. Rd8 Ka4 61. Bf8 Rg8 62. Rd4+ Kb3 63. Rb4+ Kc3 64. Bc5 Rg5 65. Bd4+ Kd3 66. a4 Rg6 67. a5 Ke4 68. Bf2+ Kd5 69. Rb6 Rg8 70. a6 1-0

[Event "Copenhagen Open"]
[Site "Copenhagen DEN"]
[Date "1989.??.??"]
[Round "7"]
[White "Thorsteins, Karl"]
[Black "Hartung-Nielsen, Jens"]
[Result "1-0"]
[WhiteElo "2430"]
[BlackElo "2275"]
[PlyCount "76"]
[EventDate "1989.06.??"]
[Source "www.chesslib.no"]
[SourceDate "2004.05.04"]

1. d4 d5 2. c4 e6 3. Nc3 c5 4. cxd5 exd5 5. Nf3 Nc6 6. g3 c4 7. Bg2 Bb4 8. O-O Nge7 9. a3 Ba5 10. e4 O-O 11. exd5 Nxd5 12. Bg5 f6 13. Nxd5 Qxd5 14. Be3 Bg4 15. h3 Bf5 16. Ne5 Qb5 17. a4 Qb4 18. Bd5+ Kh8 19. Nxc4 Bc7 20. Re1 Qe7 21. Bg2 Qd7 22. g4 Bg6 23. Qd2 h5 24. d5 Ne5 25. Nxe5 fxe5 26. Bc5 Rf4 27. d6 Rd8 28. Rxe5 Rf6 29. Rd1 Bb8 30. Qd4 hxg4 31. hxg4 b6 32. Ba3 Re6 33. g5 Rxe5 34. Qxe5 Re8 35. Qh2+ Kg8 36. Bd5+ Bf7 37. Qg2 g6 38. b3 Rd8 1-0

[Event "43rd Open, Imperia ITA"]
[Site "?"]
[Date "2001.??.??"]
[Round "7"]
[White "De Santis, A."]
[Black "Payen, A."]
[Result "1/2-1/2"]
[WhiteElo "2350"]
[BlackElo "2350"]
[PlyCount "112"]
[EventDate "2001.??.??"]
[Source "www.chesslib.no"]
[SourceDate "2004.05.04"]

1. d4 d5 2. c4 e6 3. Nc3 c5 4. cxd5 exd5 5. Nf3 Nc6 6. g3 c4 7. Bg2 Bb4 8. O-O Nge7 9. a3 Bxc3 10. bxc3 Bf5 11. Nh4 Be6 12. Rb1 b6 13. Qc2 O-O 14. f4 f6 15. f5 Bf7 16. Bf4 Re8 17. Rbe1 Nc8 18. e4 dxe4 19. Bxe4 N8e7 20. Rf2 Nd5 21. Ng2 Qd7 22. Rfe2 Re7 23. Bc1 Rae8 24. Nf4 Nxf4 25. Bxf4 Bd5 26. g4 Kf7 27. Kf2 b5 28. Bxd5+ Qxd5 29. Rxe7+ Rxe7 30. Rxe7+ Nxe7 31. Qe2 Qc6 32. h4 Nd5 33. Qe4 Qd7 34. Bd2 Qd6 35. Kf3 a5 36. Be1 Ne7 37. Bg3 Qd5 38. Ke3 h5 39. Be1 hxg4 40. Qxd5+ Nxd5+ 41. Ke4 Nb6 42. Kf4 Ke7 43. Kxg4 Nd5 44. Kf3 Kd6 45. Ke4 Kc6 46. h5 Nb6 47. Bh4 Nc8 48. d5+ Kd7 49. Kd4 Nd6 50. Be1 Nxf5+ 51. Kc5 Nd6 52. Kb6 a4 53. Ka5 Ke7 54. Kb4 Kd7 55. Ka5 Ke7 56. Kb4 Kd7 1/2-1/2